ბათუმის შოთა რუსთაველის სახელმწიფო უნივერსიტეტის ბიბლიოთეკა

ლინგვისტური პრაგმატიკა და მხატვრული ტექსტის პროცესუალობა : (ბიბ.ჩანაწერი № 52469)

000 -ლიდერი
ფიქსირებული სიგრძის საკონტროლო ველი 01176nam a2200241Ia 4500
001 - საკონტროლო ნომერი
საკონტროლო ველი 19492
003 - საკონტროლო ნომრის იდენტიფიკატორი
საკონტროლო ველი GE_BSU
005 - ბოლო ოპერაციის თარიღი და დრო
საკონტროლო ველი 20200313174450.0
008 - ფიქსირებული სიგრძის მონაცემთა ელემენტები - ზოგადი ინფორმაცია
ფიქსირებული სიგრძის საკონტროლო ველი 181216s1990||||ge |||||||||||||| ||geo||
040 ## - კატალოგიზაციის წყარო
Transcribing agency GE_BSU
041 ## - ენის კოდი
Language code of text/sound track or separate title geo
080 ## - უნივერსალური ათობითი კლასიფიკაციის ინდექსი
Universal Decimal Classification number 801.73 ე-70
100 ## - მთავარი ჩანაწერი - პიროვნების სახელი
Personal name ენუქიძე, რუსუდან
9 (RLIN) 7720
245 ## - ცნობა სათაურის შესახებ
Title ლინგვისტური პრაგმატიკა და მხატვრული ტექსტის პროცესუალობა :
Remainder of title ინგლისურ-ამერიკული მოთხრობის მასალაზე /
Statement of responsibility, etc რუსუდან ენუქიძე ; რედ. გ. ლებანიძე.
264 ## - წარმოების, გამოცემის, დისტრიბუციის და სხვა ცნობები
გამოცემის, წარმოების, დისტრიბუციის... ადგილი თბილისი :
გამოცემის, წარმოების, დისტრიბუციის... სახელწოდება თბილ. უნ-ტის გამ-ბა,
გამოცემის, წარმოების, დისტრიბუციის... თარიღი 1990.
300 ## - ფიზიკური აღწერა
Extent 306 გვ. ;
Dimensions 20 სმ.
504 ## - BIBLIOGRAPHY, ETC. NOTE
Bibliography, etc ბიბლიოგრ. გვ. 282.
653 ## - INDEX TERM--UNCONTROLLED
Uncontrolled term ლინგვისტიკა
653 ## - INDEX TERM--UNCONTROLLED
Uncontrolled term მხატვრული ტექსტი
653 ## - INDEX TERM--UNCONTROLLED
Uncontrolled term ინგლისური მოთხრობა
700 ## - ADDED ENTRY--PERSONAL NAME
Personal name ლებანიძე, გ.
Relator term რედაქტორი
9 (RLIN) 7721
942 ## - ADDED ENTRY ELEMENTS (KOHA)
Koha item type წიგნი
Source of classification or shelving scheme
ეგზემპლარები
ჩამოწერის სტატუსი დაკარგული ეგზემპლარის სტატუსი კლასიფიკაციის წყარო ან თაროზე გაწყობის სქემა დაზიანების სტატუსი არ გაიცემა მუდმივი მდებარეობა (დაცვის ადგილი) ამჟამინდელი ადგილსამყოფელი თაროზე განთავსების ადგილი შეძენის თარიღი ღირებულება, შესყიდვის ნორმალური ფასი სრული შენახვის შიფრი შტრიხკოდი ბოლო ოპერაციის თარიღი ეგზემპლარის მიმდევრობითი ნომერი (კეტერი?) ფასის ძალაში შესვლის თარიღი ეგზემპლარის სახეობა საჯარო შენიშვნა
          ბათუმის შოთა რუსთაველის სახელმწიფო უნივერსიტეტის მთავარი ბიბლიოთეკა ბათუმის შოთა რუსთაველის სახელმწიფო უნივერსიტეტის მთავარი ბიბლიოთეკა წიგნსაცავი 2018-12-17 4.00 801.73 ე-70 48519 2018-12-17 48519 2018-12-17 წიგნი 4.00 ლ.
          ბათუმის შოთა რუსთაველის სახელმწიფო უნივერსიტეტის მთავარი ბიბლიოთეკა ბათუმის შოთა რუსთაველის სახელმწიფო უნივერსიტეტის მთავარი ბიბლიოთეკა წიგნსაცავი 2018-12-17 8.00 801.73 ე-70 1432 2018-12-17 1432 2018-12-17 წიგნი 8.00 ლ.
          ბათუმის შოთა რუსთაველის სახელმწიფო უნივერსიტეტის მთავარი ბიბლიოთეკა ბათუმის შოთა რუსთაველის სახელმწიფო უნივერსიტეტის მთავარი ბიბლიოთეკა წიგნსაცავი 2018-12-17 5.00 801.73 ე-70 51778 2018-12-17 51778 2018-12-17 წიგნი 5.00 ლ.